000 00555cam a2200181 4500500
005 20260405003907.0
041 _afre
042 _adc
100 1 0 _aLacroix, Alexandre
_eauthor
245 0 0 _aAh ! qu’il est beau le débit d’euros
260 _c2025.
500 _a22
690 _aAlexandre Lacroix
690 _aArgent
690 _aDépense
786 0 _nPhilosophie magazine | 186 | 1-2 | 2025-02-01 | p. 1-2 | 1951-1787
856 4 1 _uhttps://shs.cairn.info/magazine-philosophie-magazine-2025-2-page-1?lang=fr&redirect-ssocas=7080
999 _c2071840
_d2071840